| 000 | 00980nam a22003257a 4500 | ||
|---|---|---|---|
| 005 | 20181205185612.0 | ||
| 008 | 181205b xxu||||| |||| 00| 0 spa d | ||
| 020 | _a9789701513309 | ||
| 041 | _aspa | ||
| 082 | _a174.4 I12e2 | ||
| 100 |
_aIbáñez, Andrés _951110 |
||
| 245 | _aÉtica empresarial: casos de decisiones difíciles que deben enfrentar jóvenes profesionales | ||
| 250 | _a2 edición | ||
| 260 | _aMéxico | ||
| 260 | _bAlfaomega | ||
| 260 | _c2008 | ||
| 300 | _a108 páginas | ||
| 650 |
_aÉTICA EMPRESARIAL _9389 |
||
| 650 |
_aTOMA DE DECISIONES _9865 |
||
| 650 |
_aMANEJO DE INFORMACIÓN _951111 |
||
| 650 |
_aRELACIÓN CON PARES _951112 |
||
| 650 |
_aRELACIÓN CON SUBORDINADOS _951113 |
||
| 650 |
_aRELACIÓN CON PROVEEDORES _951114 |
||
| 650 |
_aRELACIÓN CON CLIENTES _946562 |
||
| 650 |
_aACOSO SEXUAL _91215 |
||
| 650 |
_aRELACIÓN CON SUPERIORES _951115 |
||
| 650 |
_aLEALTAD _920684 |
||
| 650 |
_aCONFIDENCIALIDAD _914266 |
||
| 942 | _cBK | ||
| 999 |
_c11417 _d11417 |
||